| 000 | 01086nam0a22003251 4500 | ||
|---|---|---|---|
| 001 | rc\3680857 | ||
| 005 | 20250610095035.0 | ||
| 021 |
_aRU _b72-86019 |
||
| 021 |
_aRU _bРг3406-73 |
||
| 035 | _a(NLR Aleph) 007845900 | ||
| 090 |
_a9834098 _c9834098 |
||
| 100 | _a20130115d1972 |||y0rusy50 ca | ||
| 101 | 0 |
_arus _atuk _aeng |
|
| 102 | _aRU | ||
| 105 | _aa z ||||| | ||
| 200 | 1 |
_aНиса _eКраткий путеводитель _fМ-во культуры ТССР |
|
| 205 | _a2-е изд. | ||
| 210 |
_aАшхабад _cТуркменистан _d1972 |
||
| 215 |
_a31 с., 4 л. ил. _cил. _d17 |
||
| 300 | _aНа обл. авт. не указан | ||
| 300 | _aТекст парал. на рус., туркм. и англ. яз. | ||
| 607 |
_aНиса _2psbo |
||
| 700 | 1 |
_4070 _7ca _8rus _aПугаченкова _bГ. А. _f1915-2007 _gГалина Анатольевна _9268024 _3RU\NLR\AUTH\770268080 |
|
| 801 | 0 |
_aRU _bNLR _gpsbo |
|
| 801 | 1 |
_aRU _bELAR _2rusmarc |
|
| 852 |
_aNLR _j73-2/108 |
||
| 852 |
_aNLR _jКрII/1559 |
||
| 942 | _cBOOK | ||
| 980 | _aNB | ||